Catálogo

Vista normal Vista MARC

Entrada Personal Name

Número de registros utilizados en: 1

001 - CONTROL NUMBER

  • control field: 17953

003 - CONTROL NUMBER IDENTIFIER

  • control field: DLC

005 - DATE AND TIME OF LATEST TRANSACTION

  • control field: 20260323163833.0

008 - FIXED-LENGTH DATA ELEMENTS

  • fixed length control field: 170223n| azannaabn |a aaa c

010 ## - LIBRARY OF CONGRESS CONTROL NUMBER

  • LC control number: ns2017000381

035 ## - SYSTEM CONTROL NUMBER

  • System control number: (CaEvSKY)skya11305215

040 ## - CATALOGING SOURCE

  • Original cataloging agency: MX-SlUA
  • Language of cataloging: spa
  • Description conventions: rda
  • Transcribing agency: Mx-PuUPA
  • Modifying agency: Mx-PuUPA

100 1# - HEADING--PERSONAL NAME

  • Personal name: Mendoza Aguirre, Jesús Alejandro,

374 ## - OCCUPATION

  • Occupation: Autor

375 ## - GENDER

  • Gender: hombre

377 ## - ASSOCIATED LANGUAGE

  • Language code: spa

400 1# - SEE FROM TRACING--PERSONAL NAME

  • Personal name: Aguirre, Jesús Alejandro Mendoza

670 ## - SOURCE DATA FOUND

  • Source citation: Derecho familiar : su emancipación del derecho civil, 2016:
  • Information found: title page (Jesús Alejandro Mendoza Aguirre)